MDQL
is popping MORE tags! Check the
thread
!
Quizzes
Events
Quiz Creation
Community
Videos
Private Events
Remove Ads
Sign In
Join for FREE
Feedback
Dark Mode
Quiz Categories
Sports
Geography
Music
Movies
Television
Just For Fun
Miscellaneous
History
Literature
Language
Science
Gaming
Entertainment
Religion
Holiday
For Kids
Quiz Lab
Recent
Popular Today
Quiz Kudos Today
Editor Picks
Curator Picks
Quizzes by...
Day
Popularity
Type
Ratings
Length
Year
Community
Subscriptions
Recent Discussions
Orange Saloon
Badges
Playlists
Quests
Create
Leaderboards
Showdown
Live 5
Trivia Bingo
Activity
Puzzle Library
Sporcle Events
Private Events
Virtual Trivia
Globe League
Become a Host
Pub Owners
SporcleCon
Opinionation
Our Games
Videos
Blog
Mobile Apps
Partnerships
Remove Ads and Go Orange
Feedback
Entertainment
Celebrity
Famous
Musical
Broadway
Show
Quote
Comic Books
Anime
Superhero
DC Comics
Marvel
Cartoons
Animation
Entertainment
Celebrity
Famous
Musical
Broadway
Show
Quote
Comic Books
Anime
Superhero
DC Comics
Marvel
Cartoons
Animation
Random Quiz
Search Sporcle
×
Quiz Lab
Quiz Lab
Entertainment
Song
Type in answers that appear in a list
Type in answers that appear in a list
Classic
Best Score? Go Orange.
Entertainment Calendar Extravaganza Stats
Can you name the movie and song titles containing the names of days, months or seasons?
By
Studogc
8m
30 Questions
18 Plays
18 Plays
18 Plays
Comments
Comments
Give Quiz Kudos
Give Quiz Kudos
-
- Ratings
hide this ad
More Info
Replay
Link that replays current quiz
Next Quiz
Link to next quiz in quiz playlist
You Got
0%
They Got
Avg Score
15%
Avg Friend Score
Upgrade to see
Score Distribution
Jump to the score distribution portion of the page
Score
0/30
Timer
08:00
0
Plays Today
Hint
Title
% Correct
The Bangles (1985)
Manic Monday
44.4%
The Rolling Stones (1967)
Ruby Tuesday
38.9%
Barenaked Ladies (1998)
One Week
27.8%
Al Pacino (1999)
Any Given Sunday
27.8%
Sean Connery (1990)
The Hunt for Red October
27.8%
Bananarama (1983)
Cruel Summer
27.8%
Hugh Grant (1995)
Nine Months
22.2%
Wyclef Jean (1998)
Gone till November
22.2%
The Four Seasons (1975)
December, 1963 (Oh, What a Night)
22.2%
Nicolas Cage (2011)
Season of the Witch
22.2%
Adam Sandler (2004)
50 First Dates
22.2%
Billy Bob Thornton (2004)
Friday Night Lights
16.7%
Elton John (1973)
Saturday Night's Alright (for Fighting)
16.7%
George Clooney (2011)
The Ides of March
16.7%
Vanessa Hudgens (2012)
Spring Breakers
16.7%
Hint
Title
% Correct
Elizabeth Taylor (1973)
Ash Wednesday
11.1%
Freddie Highmore (2007)
August Rush
11.1%
Mel Gibson (1982)
The Year of Living Dangerously
11.1%
David Bowie (1999)
Thursday's Child
5.6%
Kevin Kline (1989)
The January Man
5.6%
The Foo Fighters (1997)
February Stars
5.6%
Dionne Warwick (1969)
The April Fools
5.6%
Robin Williams (1998)
What Dreams May Come
5.6%
Jamiroquai (2005)
Seven Days in Sunny June
5.6%
Tom Cruise (1989)
Born on the Fourth of July
5.6%
Carole King (1962)
It Might as Well Rain Until September
5.6%
Richard Gere (2000)
Autumn in New York
5.6%
Perry Como (1946)
Winter Wonderland
5.6%
Lou Reed (1972)
Perfect Day
5.6%
Neil Sedaka (1961)
Calendar Girl
5.6%
Quiz Playlist
Details
Report
Send in Message
Add To Playlist
More Info:
Answers 1, 9, 10, 11, 24, 29 and 30 contain more generic words concerned with the contents of calendars.
Classic:
Type in answers that appear in a list
Last Updated: Feb 16, 2017
Quiz Scoreboard
CHALLENGE
Sign Up to Join the Scoreboard
Show All
Scores
Hide
Comments
May contain spoilers
Recently Published
Image Sorting: Flags VI
by Barbecue
Geography
2m
Find the 'City' Movie
by crazypaving
Movies
60s
Colored Red Africa Blitz
by spor1
Geography
45s
More to Explore
Quiz From the Vault
Featured Blog Post
14 Easter Pick-up Lines to Find Eggs With
hide this ad
You Might Also Like...
Tags
Movie Titles Quiz
Song Quiz
calendar
Category
month
season
Song Title
Week
Today's Top Quizzes in Entertainment
Browse Entertainment
hide this ad
Today's Top Quizzes in Song
Browse Song
Top Contributed Quizzes in Entertainment
1
Marvel Classic Character Map
2
Dragon Ball Z: Goku's Fights in Order
3
Marvel Characters Bunker
4
JoJo's Bizarre Logic Quiz
5
Harry Styles-Are you no.1 fan
6
Sorting Pictures: Villains
7
This is Your Life: Edward Elric
8
Celebrity Spelling Bee
9
This is Your Life: Itachi Uchiha
10
BOYS PLANET Quiz
Explore More
Trending Topics
Marvel
NBA
Anime
Crossword
Harry Potter
Kpop
Disney
Soccer
WWE
Puzzle
The Office
Pokémon
Song
Country
NFL
hide this ad
More By:
Studogc
Quiz
Plays
Rating
Category
Featured
Created
Movie Titles Missing Food
123,483
4.61
Movies
Jun 20, 2013
Movies Missing Body Parts
101,254
4.44
Movies
Dec 6, 2012
Clickable Cities in Movies
61,732
4.38
Movies
Apr 21, 2013
Palindrome Words: A-Z
32,204
4.54
Language
Oct 14, 2012
Books Without Buildings
32,067
4.60
Literature
Jul 19, 2014
Go to Creator's Profile
Score Distribution
Quiz Creator Spotlight
Studogc
Follow
Send a Message
Quizzes Created
-
Created Quiz Play Count
-
More By This Creator
Popular Quizzes Today
1
Colored Red Africa Blitz
2
Find the US States - No Outlines Minefield
3
Find the 'City' Movie
4
5x2 Blitz: Bands
5
The Countries of the World
6
Find the US States
7
Find the Countries of Europe - No Outlines Minefield
8
US States
More Entertainment Quizzes
RuPaul's Drag Race: Top 4
Quiz Lab
Trending Quizzes
Colored Red Europe Blitz I
Colored Red Europe Blitz II
Colored Red Africa Blitz II
Colored Red Europe Blitz III
Colored Red Africa Blitz III
Recently Updated
How Do You Spell That?
pecheneg
Godzilla Movies
pecheneg
Grab Bag: 4-10 Letters
pecheneg
2024 March Madness Bracket
pecheneg
Famous TV Couples
Peacemaker
Champions League XIs: Real Madrid
pecheneg
Largest US Cities 1790-2010
pecheneg
Rides in Walt Disney World
pecheneg
Most Oscar Losses (Acting)
pecheneg
Beyoncé Albums
pecheneg
Trending Topics
NBA
Disney
Kpop
Crossword
Anime
Harry Potter
Marvel
Soccer
NFL
Pokémon
The Office
Country
Puzzle
Song
WWE
Your Account Isn't Verified!
In order to create a playlist on Sporcle, you need to verify the email address you used during registration. Go to your
Sporcle Settings
to finish the process.
Report this User
Report this user for behavior that violates our
Community Guidelines
.
Details:
Send Report
Go to the Sporcle.com Mobile Site →
Comments